| 000 | 00888nam0a2200277 4500 | ||
|---|---|---|---|
| 001 | RU\NLR\bibl\1184931 | ||
| 005 | 20260406121305.0 | ||
| 010 |
_a978-5-699-05579-1 _93100 |
||
| 021 |
_aRU _b2007-89022 _94810 |
||
| 035 | _a(NLR Aleph) 001171511 | ||
| 090 |
_a1600347 _c1600347 |
||
| 100 | _a20080207d2007 |||y0rusy50 ca | ||
| 101 | 0 | _arus | |
| 102 | _aRU | ||
| 105 | _ay ||||||||| | ||
| 200 | 1 |
_aСоавторы _e[роман] _fАлександра Маринина |
|
| 210 |
_aМосква _cЭксмо _d2007 |
||
| 215 |
_a444, [1] с. _d21 |
||
| 320 | _aДр. произведения авт. на 2-й с. | ||
| 700 | 1 |
_4070 _8rus _7ca _aМаринина _bА. Б. _gАлександра Борисовна _f1957- _3RU\NLR\auth\77515 _9110564 |
|
| 801 | 0 |
_aRU _bNLR _c20080207 _gRCR |
|
| 801 | 1 |
_aRU _bNLR _c20080207 |
|
| 942 | _cBOOK | ||
| 980 | _aNB | ||